|
|
|
|
| LEADER |
01048naa a2200241 i 4500 |
| 001 |
acta72226 |
| 005 |
20260224081030.0 |
| 008 |
210226s2021 hu o 000 hun d |
| 020 |
|
|
|a 978-963-315-472-4
|
| 024 |
7 |
|
|a 10.14232/pfvm.5
|2 doi
|
| 040 |
|
|
|a SZTE Egyetemi Kiadványok Repozitórium
|b hun
|
| 041 |
|
|
|a hun
|
| 100 |
1 |
|
|a Fizel Natasa
|
| 245 |
1 |
0 |
|a Várkonyi Hildebrand, Dolch Erzsébet, és a szegedi Kerti Iskola
|h [elektronikus dokumentum] /
|c Fizel Natasa
|
| 260 |
|
|
|c 2021
|
| 300 |
|
|
|a 99-117
|
| 490 |
0 |
|
|a A pszichológia fejlődése a vidéki Magyarországon : a kezdetektől a rendszerváltás utáni évekig
|
| 650 |
|
4 |
|a Társadalomtudományok
|
| 650 |
|
4 |
|a Pszichológia
|
| 650 |
|
4 |
|a Oktatástudomány
|
| 695 |
|
|
|a Pszichológia, Pszichológiatörténet, Pszichológia tanítása - egyetem
|
| 710 |
|
|
|a A pszichológia fejlődése a vidéki Magyarországon : a kezdetektől a rendszerváltás utáni évekig (2019) (Szeged)
|
| 856 |
4 |
0 |
|u http://acta.bibl.u-szeged.hu/72226/1/pszichologia_fejlodese_2021_099-117.pdf
|z Dokumentum-elérés
|